000 00557nam a2200169Ia 4500
008 090201s9999 xx 000 0 und d
010 _aKPL-14119
040 _bमराठी
041 _aमराठी
082 _a4887
_b14119
100 _aरवीन्द्र भट
245 _aसागरा प्राण तळमळला
_cरवीन्द्र भट
260 _c1973
_bसंजय प्रकाशन
300 _a421
_bमोठा
600 _aसागरा प्राण तळमळला
942 _cBOOK
999 _c205888
_d205888